000 00565nam a2200229Ia 4500
003 OSt
005 20220924135309.0
006 a|||||r|||| 00| 0
007 ta
008 220923b |||||||| |||| 00| 0 ben d
024 _a290434
037 _cTextual
040 _aARTS
_cARTS
_bben
041 _2ben
_aben
082 _aO111,3N00,1, 157J2
100 _aBotein
_9210020
245 0 _aDharmadhikaran
260 _c1952
650 _aENGLISH LITERATURE
942 _hO111,3N00,1, 157J2
_cTEXL
_2CC
999 _c440210
_d440210